Safe as houses (Record no. 78504)
[ view plain ]
| 000 -LEADER | |
|---|---|
| fixed length control field | 01018cab a22002055a 4500 |
| 001 - CONTROL NUMBER | |
| control field | L136949 |
| 008 - FIXED-LENGTH DATA ELEMENTS--GENERAL INFORMATION | |
| fixed length control field | 070306e2007 xxk 000 0 eng d |
| 035 ## - SYSTEM CONTROL NUMBER | |
| System control number | (Sirsi) u136949 |
| 041 0# - LANGUAGE CODE | |
| Language code of text/sound track or separate title | eng |
| 100 1# - MAIN ENTRY--PERSONAL NAME | |
| Personal name | Birkby, Gillian |
| 245 ## - TITLE STATEMENT | |
| Title | Safe as houses |
| 260 ## - PUBLICATION, DISTRIBUTION, ETC. | |
| Date of publication, distribution, etc. | 2007 |
| 490 #0 - SERIES STATEMENT | |
| Series statement | Solicitors' Journal |
| Volume/sequential designation | 151(9) 2 March 2007, 286-287(2) |
| 520 ## - SUMMARY, ETC. | |
| Summary, etc. | Reviews the key changes in the revised Construction (Design and Management) Regulations 2007. Briefly covers the size of project covered by the Regulations, co-operation and co-ordination, pre-construction phase health and safety plan, competence, the client, management duties, designers, health and safety file, CDM co-ordinator, contractors, principal contractor, transitional provisions, and when a construction project is notifiable. |
| 590 ## - LOCAL NOTE (RLIN) | |
| Local note | KA |
| 650 24 - SUBJECT ADDED ENTRY--TOPICAL TERM | |
| Topical term or geographic name entry element | CONSTRUCTION (DESIGN AND MANAGEMENT) REGULATIONS 2007 |
| 651 #4 - SUBJECT ADDED ENTRY--GEOGRAPHIC NAME | |
| Geographic name | GREAT BRITAIN |
| 690 ## - LOCAL SUBJECT ADDED ENTRY--TOPICAL TERM (OCLC, RLIN) | |
| Topical term or geographic name as entry element | BUILT ENVIRONMENT-CONSTRUCTION MANAGEMENT-CONSTRUCTION DESIGN AND MANAGEMENT |
| 942 ## - ADDED ENTRY ELEMENTS (KOHA) | |
| Suppress in OPAC | 0 |
| Withdrawn status | Lost status | Source of classification or shelving scheme | Damaged status | Not for loan | Home library | Current library | Shelving location | Date acquired | Total Checkouts | Full call number | Barcode | Date last seen | Copy number | Price effective from | Koha item type |
|---|---|---|---|---|---|---|---|---|---|---|---|---|---|---|---|
| Dewey Decimal Classification | London | London | Journal article | 06/03/2007 | L136949 | 136949-1001 | 06/08/2019 | 1 | 06/08/2019 | Journal article |